000 00541nam a2200217Ia 4500
003 OSt
005 20220928151046.0
006 a|||||r|||| 00| 0
007 ta
008 220927b |||||||| |||| 00| 0 eng d
024 _a108833
037 _cTextual
040 _aSDCL
_cSDCL
_beng
041 _2eng
_aeng
082 _aW691y7M18, L8
100 _aShaw William H
_9452137
245 0 _aMarx's theory of history
260 _c1978
942 _hW691y7M18, L8
_cTEXL
_2CC
999 _c848737
_d848737